000 00292nam a22001337a 4500
008 171009b xxu||||| |||| 00| 0 eng d
020 _a9780691017235
041 _aeng
080 _a159.9
100 _a49
101 _aPSI
245 _aTHE HARMONY OF ILUSIONS
_cYOUNG,A
942 _2udc
_cBK
999 _c32662
_d32662